Blueprint for a green economy / (Record no. 17610)
[ view plain ]
| 000 -LEADER | |
|---|---|
| fixed length control field | 01245 am a2200289 a 4500 |
| 001 - CONTROL NUMBER | |
| control field | 012039011 |
| 003 - CONTROL NUMBER IDENTIFIER | |
| control field | Uk |
| 005 - DATE AND TIME OF LATEST TRANSACTION | |
| control field | 20131008152230.0 |
| 008 - FIXED-LENGTH DATA ELEMENTS--GENERAL INFORMATION | |
| fixed length control field | 900307s1989 enk 001 0 eng |
| 020 ## - INTERNATIONAL STANDARD BOOK NUMBER | |
| International Standard Book Number | 1853830666 (pbk) : |
| 020 ## - INTERNATIONAL STANDARD BOOK NUMBER | |
| International Standard Book Number | 9781853830662 |
| 082 04 - DEWEY DECIMAL CLASSIFICATION NUMBER | |
| Classification number | 338.4762850941 |
| Edition number | 20 |
| Item number | PEA |
| 100 1# - MAIN ENTRY--PERSONAL NAME | |
| Personal name | Pearce, David W. |
| Fuller form of name | (David William) |
| 9 (RLIN) | 33940 |
| 245 10 - TITLE STATEMENT | |
| Title | Blueprint for a green economy / |
| Statement of responsibility, etc | a report by David Pearce, Anil Markandya, Edward B. Barbier for the UK Department of the Environment. |
| 260 ## - PUBLICATION, DISTRIBUTION, ETC. (IMPRINT) | |
| Place of publication, distribution, etc | London : |
| Name of publisher, distributor, etc | Earthscan, |
| Date of publication, distribution, etc | 1989. |
| 300 ## - PHYSICAL DESCRIPTION | |
| Extent | xvi, 192 p. ; |
| Dimensions | 20 cm. |
| 500 ## - GENERAL NOTE | |
| General note | Also published as: Sustainable development : the implications of sustainable development for resource accounting, project appraisal and integrative environmental policy. London : London Environmental Economics Centre, 1989. |
| 650 #0 - SUBJECT ADDED ENTRY--TOPICAL TERM | |
| Topical term or geographic name as entry element | Economic development |
| General subdivision | Environmental aspects. |
| 9 (RLIN) | 33941 |
| 650 #0 - SUBJECT ADDED ENTRY--TOPICAL TERM | |
| Topical term or geographic name as entry element | Environmental impact charges. |
| 9 (RLIN) | 33942 |
| 650 #0 - SUBJECT ADDED ENTRY--TOPICAL TERM | |
| Topical term or geographic name as entry element | Environmental policy. |
| 9 (RLIN) | 33943 |
| 653 ## - INDEX TERM--UNCONTROLLED | |
| Resource For college | |
| Arrived date list | October2013 |
| 690 7# - LOCAL SUBJECT ADDED ENTRY--TOPICAL TERM (OCLC, RLIN) | |
| Topical term or geographic name as entry element | Management and Business Studies |
| Source of heading or term | blcoll |
| 700 1# - ADDED ENTRY--PERSONAL NAME | |
| Personal name | Barbier, Edward, |
| Dates associated with a name | 1957- |
| 9 (RLIN) | 33944 |
| 700 1# - ADDED ENTRY--PERSONAL NAME | |
| Personal name | Markandya, Anil. |
| 9 (RLIN) | 33945 |
| 710 1# - ADDED ENTRY--CORPORATE NAME | |
| Corporate name or jurisdiction name as entry element | Great Britain. |
| Subordinate unit | Department of the Environment. |
| 9 (RLIN) | 33946 |
| 942 ## - ADDED ENTRY ELEMENTS (KOHA) | |
| Source of classification or shelving scheme | Dewey Decimal Classification |
| Item type | Book - Borrowing |
| Withdrawn status | Item status | Source of classification or shelving scheme | Damaged status | Not for loan | Vendor | Home library | Current library | Shelving location | Date acquired | Source of acquisition | Total Checkouts | Full call number | Barcode | Date last seen | Koha item type | Date last borrowed | Total Renewals |
|---|---|---|---|---|---|---|---|---|---|---|---|---|---|---|---|---|---|
| Dewey Decimal Classification | Baccah | Central Library | Central Library | First floor | 08/10/2013 | 338.4762850941 PEA | 000029300 | 15/07/2025 | NB - Book (Non borrowing) | ||||||||
| Dewey Decimal Classification | Baccah | Central Library | Central Library | First floor | 08/10/2013 | 1 | 338.4762850941 PEA | 000029301 | 15/07/2025 | Book - Borrowing | 09/11/2016 | ||||||
| Dewey Decimal Classification | Baccah | Central Library | Central Library | First floor | 08/10/2013 | 338.4762850941 PEA | 000029302 | 15/07/2025 | Book - Borrowing | ||||||||
| Dewey Decimal Classification | Baccah | Central Library | Central Library | First floor | 08/10/2013 | 338.4762850941 PEA | 000029303 | 15/07/2025 | Book - Borrowing | ||||||||
| Dewey Decimal Classification | Baccah | Central Library | Central Library | First floor | 08/10/2013 | 338.4762850941 PEA | 000029304 | 15/07/2025 | Book - Borrowing | ||||||||
| Dewey Decimal Classification | Baccah | Central Library | Central Library | First floor | 08/10/2013 | 338.4762850941 PEA | 000029305 | 15/07/2025 | Book - Borrowing | ||||||||
| Dewey Decimal Classification | Baccah | Central Library | Central Library | First floor | 08/10/2013 | 338.4762850941 PEA | 000029306 | 15/07/2025 | Book - Borrowing | ||||||||
| Dewey Decimal Classification | Baccah | Central Library | Central Library | First floor | 08/10/2013 | 2 | 338.4762850941 PEA | 000029307 | 15/07/2025 | Book - Borrowing | 19/12/2013 | 10 | |||||
| Dewey Decimal Classification | Baccah | Central Library | Central Library | First floor | 08/10/2013 | 4 | 338.4762850941 PEA | 000029308 | 15/07/2025 | Book - Borrowing | 05/03/2019 | 15 | |||||
| Dewey Decimal Classification | Baccah | Central Library | Central Library | First floor | 08/10/2013 | 2 | 338.4762850941 PEA | 000029309 | 15/07/2025 | Book - Borrowing | 08/09/2015 | 3 |